000 00507nam a2200181 a 4500
001 1758522272686
003 ACL
005 20250922115631.0
008 250922s2006##################000#0#eng##
020 _a9781933821009
082 0 4 _a796
_bDER
100 1 _aKids, The Editors of Sports Illustrated,
_eauthor.
245 1 0 _aSports Illustrated Kids: The Amazing World of Sports :
260 _bSports Illustrated,
_c2006.
650 0 _aJuvenile Nonfiction.
942 _cENGLISH
040 _aACL
_beng
_cACL
999 _c588748
_d588748